Detalles MARC
| 000 -LEADER |
| longitud fija campo de control |
02134nam a22004697a 4500 |
| 003 - IDENTIFICADOR DE NUMERO DE CONTROL |
| control del campo |
AR-RoUNA |
| 005 - FECHA DE LA ULTIMA MODIFICACION |
| control del campo |
20251028102017.0 |
| 008 - CAMPO DE CONTROL - LIBROS |
| longitud fija campo de control |
251027b |||||||| |||| 00| 0 spa d |
| 020 ## - INTERNATIONAL STANDARD BOOK NUMBER |
| ISBN |
48-7762-478-X |
| 040 ## - ORIGEN DE LA CATALOGACION |
| Agencia que cataloga la obra original |
AR-RoUNA |
| Entidad que modifico el registro |
AR-RoUNA |
| Idioma en que se cataloga |
spa |
| 041 ## - CODIGO DE IDIOMA |
| Codigo de idioma del texto / sonido o titulo separado |
spa |
| 044 ## - CODIGO DE PAIS / ENTIDAD PRODUCTORA |
| Codigo MARC del pais |
ag |
| 110 2# - ASIENTO PRINCIPAL - AUTOR INSTITUCIONAL |
| Nombre corporativo o de jurisdiccion como elemento de entrada |
España. Universidad de Valladolid. |
| Unidad subordinada |
Escuela Técnica Superior de Arquitectura de Valladolid. Taller de Proyectos Arquitectónicos III. |
| 9 (RLIN) |
27527 |
| 245 10 - TITULO PROPIAMENTE DICHO |
| Titulo |
El Proyecto y la Memoria. |
| Subtitulo |
Propuestas Arquitectónicas para el Centro Histórico de Avila. |
| 260 ## - EDITORIAL - PUBLICACION, DISTRIBUCION, ETC. (Pie de imprenta) |
| Lugar de publicacion, distribucion, etc |
Valladolid (España) : |
| Nombre del editor, distribuidor, etc |
Server-Cuesta, |
| Fecha de publicacion |
1995. |
| 300 ## - DESCRIPCION FISICA |
| Extension |
121 p.: |
| Otros detalles fisicos |
mapas, |
| Dimensiones |
26x24 cm. |
| 505 0# - NOTA DE CONTENIDO CON FORMATO |
| Título |
INDICE |
| 505 0# - NOTA DE CONTENIDO CON FORMATO |
| Título |
TEXTOS |
| 505 0# - NOTA DE CONTENIDO CON FORMATO |
| Declaración de responsabilidad |
Ángel Luis Fernández Muñoz / Introducción. p. 4 |
| 505 0# - NOTA DE CONTENIDO CON FORMATO |
| Título principal |
Desarrollo. p. 5 |
| 505 0# - NOTA DE CONTENIDO CON FORMATO |
| Título principal |
Ordenación de áreas estrategias. p. 6 |
| 505 0# - NOTA DE CONTENIDO CON FORMATO |
| Título principal |
Actuaciones sobre contenedores públicos. p. 9 |
| 505 0# - NOTA DE CONTENIDO CON FORMATO |
| Título principal |
Arquitecturas para la vivienda. p. 11 |
| 505 0# - NOTA DE CONTENIDO CON FORMATO |
| Declaración de responsabilidad |
Junta Directiva del Colegio de Arquitectos de Avila / Evolución de la ciudad en el siglo XX. p. 14 |
| 505 0# - NOTA DE CONTENIDO CON FORMATO |
| Declaración de responsabilidad |
Javier Elizalde / Notas sobre la protección de un conjunto histórico artístico. p. 24 |
| 505 0# - NOTA DE CONTENIDO CON FORMATO |
| Declaración de responsabilidad |
Angel Hernández Díaz / La situación actual de Avila en orden ala protección y conservación de su Patrimonio. p. 52 |
| 505 0# - NOTA DE CONTENIDO CON FORMATO |
| Título |
PROYECTOS |
| 505 0# - NOTA DE CONTENIDO CON FORMATO |
| Título principal |
1. Ordenación de área de Arrabal del Puente. p. 60 |
| 505 0# - NOTA DE CONTENIDO CON FORMATO |
| Título principal |
2. Ordenación del área comprendido entre la cárcel Vieja y el Monasterio de Santa Teresa. p. 70 |
| 505 0# - NOTA DE CONTENIDO CON FORMATO |
| Título principal |
3. Centro de Estudios Místicos en el Palacio de los Serrano. p. 82 |
| 505 0# - NOTA DE CONTENIDO CON FORMATO |
| Título principal |
4. Ampliación del Museo de Arte Sacro en la Catedral. p. 90 |
| 505 0# - NOTA DE CONTENIDO CON FORMATO |
| Título principal |
5. Viviendas en el antiguo Barrio de Las Covachuelas. p. 100 |
| 505 0# - NOTA DE CONTENIDO CON FORMATO |
| Título principal |
6. Viviendas en el antiguo Hospital de Santa Escolástica. p. 112 |
| 650 #4 - MATERIA - TERMINO TEMATICO |
| Término temático general |
Urbanismo |
| 650 #4 - MATERIA - TERMINO TEMATICO |
| Término temático general |
Patrimonio cultural |
| 650 #4 - MATERIA - TERMINO TEMATICO |
| Término temático general |
Patrimonio urbano |
| 651 #4 - MATERIA - NOMBRE GEOGRAFICO |
| Termino geografico |
Avila (España) |
| 9 (RLIN) |
27529 |
| 908 ## - SOPORTE |
| Soporte |
Imp |
| 942 ## - FUENTE DE CLASIFICACION |
| Clasificacion |
Universal Decimal Classification |
| Tipo de item |
Libro |
| 945 ## - INFORMACION DE PROCESAMIENTO |
| Fecha de ingreso o modificacion |
2025-10-27 |
| 980 ## - DECLARACIÓN DE EQUIVALENCIA O SERIE DE REFERENCIA CRUZADA - NOMBRE / TÍTULO PERSONAL [LOCAL, CANADÁ] |
| Código del operador |
5 |
| Nombre del operador |
María Machado |
| Código del operador que modifico el registro |
5 |
| Nombre del operador que modifico el registro |
María Machado |